000 00501nam a2200181Ia 4500
001 51625
008 140503s9999 xx 000 0 und d
020 _a9788120334342
040 _cPK-LaUMT
082 _a 621.042
_bSOL-R
100 _aSolanki, Chetan Singh
245 _aRenewable energy technologies
_ba practical guide for beginners
_cSolanki, Chetan Singh
260 _aNew Delhi,India:
_bPHI Learning,
_c2012
300 _a153 p.
546 _aEN
650 _aRenewable energy
942 _cBK
999 _c49094
_d49094